Arte en emergencia (Record no. 350)

MARC details
000 -LEADER
campo de control de longitud fija 00747 a2200145 4500
008 - DATOS DE LONGITUD FIJA--INFORMACIÓN GENERAL
campo de control de longitud fija 141120b xxu||||| |||| 00| 0 eng d
082 ## - NÚMERO DE LA CLASIFICACIÓN DECIMAL DEWEY
Número de clasificación 709.86
Número de ítem Z141a
100 ## - ENTRADA PRINCIPAL--NOMBRE DE PERSONA
Nombre de persona Gustavo Zalamea
9 (RLIN) 1667
245 ## - MENCIÓN DEL TÍTULO
Título Arte en emergencia
Resto del título Ensayo Historico, teorico o critico en el Arte Colombiano de fin de Milenio
Mención de responsabilidad, etc. Alcaldia Mayor de Bogota, Instituto Distrital de culturra y turismo
260 ## - PUBLICACIÓN, DISTRIBUCIÓN, ETC.
Lugar de publicación, distribución, etc. Bogota
Nombre del editor, distribuidor, etc. Alcaldia Mayor de Bogota, Instituto Distrital de culturra y turismo
Fecha de publicación, distribución, etc. 2000
300 ## - DESCRIPCIÓN FÍSICA
Extensión 36 p.
Otras características físicas col.
Dimensiones 27 cm
505 ## - NOTA DE CONTENIDO CON FORMATO
Título El lugar de la emergencia
-- Fragilidad en Emergencia
-- La Emergencia de fin de siglo
-- la emergencia de un nuevo salon Nacional
-- Los modelos de la emergencia
650 ## - PUNTO DE ACCESO ADICIONAL DE MATERIA--TÉRMINO DE MATERIA
Término de materia o nombre geográfico como elemento de entrada Arte
Subdivisión de forma Emergente
Subdivisión geográfica Colombia
9 (RLIN) 1668
700 ## - ENTRADA AGREGADA--NOMBRE PERSONAL
Nombre de persona Gustavo Zalamea
9 (RLIN) 1669
Holdings
Estatus retirado Estado de pérdida Fuente del sistema de clasificación o colocación Estado de daño No para préstamo Biblioteca de origen Biblioteca actual Ubicación en estantería Fecha de adquisición Total de préstamos Signatura topográfica completa Código de barras Visto por última vez Precio de reemplazo Tipo de ítem Koha
    Clasificación Decimal Dewey     Biblioteca LadoV Biblioteca LadoV   20/11/2014   709.86 Z141a 000542 20/11/2014 20/11/2014 Material 01